Statistiques concernant Les 10 meilleurs buteurs Français sur une saison.

Cliquez ici pour prendre le quiz!

Statistiques générales

  • Ce quiz a été pris 368 fois
  • Le résultat moyen est 9 sur 10

Statistiques - réponses

ButsjoueurSaison% Correct
54Kylian Mbappe22/23
100%
49Kylian Mbappe21/22
100%
46Kylian Mbappe20/21
100%
44Kylian Mbappe18/19
100%
50Karim Benzema21/22
94%
44Thierry Henry03/04
90%
42Thierry Henry02/03
90%
41Thierry Henry05/06
90%
40Antoine Griezmann15/16
86%
37Alexandre Lacazette16/17
72%

Distribution des résultats

Percentile par nombre de réponses

% des personnes avec chaque résultat

Votre développement - résultats

Vous n’avez pas pris ce quiz